| 000 | 01135pam a2200289 a 4500 | ||
|---|---|---|---|
| 001 | 3381407 | ||
| 005 | 19910402134442.7 | ||
| 008 | 880126s1989 enkab b 001 0 eng | ||
| 010 | _a88001606 | ||
| 020 |
_a0582404053 _c43.00 |
||
| 020 | _a0470210273 (Wiley) | ||
| 020 | _a047021027 (Wiley,USA only) | ||
| 040 |
_aDLC _cDLC _dDLC |
||
| 050 | 0 | 0 |
_aSB291.H4 _bR78 1989 |
| 082 | 0 | 0 |
_a633.8952 _219 _bRUB |
| 245 | 0 | 0 |
_aRubber / _c[edited by] C.C. Webster and W.J. Baulkwill. |
| 260 |
_aBurnt Mill, Harlow, Essex, England : _bLongman Scientific & Technical ; _aNew York : _bWiley, _cc1989. |
||
| 300 |
_aviii, 614 p. : _bill. (some col.), maps ; _c23 cm. |
||
| 440 | 0 |
_aTropical Agriculture Series _97592 |
|
| 504 | _aIncludes bibliographical references (p. [557]-603) and index. | ||
| 650 | 0 |
_aHevea. _97593 |
|
| 650 | 0 |
_aRubber. _97594 |
|
| 700 | 1 |
_aWebster, C. C. _q(Cyril Charles), _d1909- _97595 |
|
| 700 | 1 |
_aBaulkwill, W. J. _q(William John), _d1919- _97596 |
|
| 942 |
_2ddc _cBB |
||
| 999 |
_c12206 _d12206 |
||